书目信息 |
| 题名: |
百年摄影大师名作解读
|
|
| 作者: | 王传东 编著 | |
| 分册: | ||
| 出版信息: | 济南 山东教育出版社 2019 |
|
| 页数: | 230页 | |
| 开本: | 24cm | |
| 丛书名: | ||
| 单 册: | ||
| 中图分类: | J405.1 | |
| 科图分类: | ||
| 主题词: | 摄影艺术--鉴赏--世界 | |
| 电子资源: | ||
| ISBN: | 978-7-5701-0785-8 | |
| 000 | 00955nam0 2200241 450 | |
| 001 | 2336358167 | |
| 005 | 20231203100607.30 | |
| 010 | @a978-7-5701-0785-8@dCNY59.00 | |
| 100 | @a20200116d2019 em y0chiy50 ea | |
| 101 | 0 | @achi |
| 102 | @aCN@b370000 | |
| 105 | @aa z 000yy | |
| 200 | 1 | @a百年摄影大师名作解读@Abai nian she ying da shi ming zuo jie du@f王传东编著 |
| 210 | @a济南@c山东教育出版社@d2019 | |
| 215 | @a230页@c照片@d24cm | |
| 312 | @a封面英文题名:Interpretation of the masterpieces of centenary photographers | |
| 330 | @a本书选用了世界摄影名家的作品,并加以文字注解,以介绍摄影家的艺术创作特点,照片所产生的时代文化背景,以及这些影像对当时社会发展所产生的影响。 | |
| 510 | 1 | @aInterpretation of the masterpieces of centenary photographers@zeng |
| 606 | 0 | @a摄影艺术@x鉴赏@y世界 |
| 690 | @aJ405.1@v5 | |
| 701 | 0 | @a王传东@Awang chuan dong@4编著 |
| 801 | 0 | @aCN@b大连网信软件有限公司图书馆·11@c20231203 |
| 905 | @aZUCC@dJ405.1@e7 | |
| 百年摄影大师名作解读/王传东编著.-济南:山东教育出版社,2019 |
| 230页:照片;24cm |
| ISBN 978-7-5701-0785-8:CNY59.00 |
| 本书选用了世界摄影名家的作品,并加以文字注解,以介绍摄影家的艺术创作特点,照片所产生的时代文化背景,以及这些影像对当时社会发展所产生的影响。 |
| ● |
| 相关链接 |
|
|
|
正题名:百年摄影大师名作解读
索取号:J405.1/7
 
预约/预借
| 序号 | 登录号 | 条形码 | 馆藏地/架位号 | 状态 | 备注 |
| 1 | 2001256639 | 2001256639 | 辽宁北方(第一批)/辽宁北方(第一批)/85/ [索取号:J405.1/7] | 在馆 | |
| 2 | 2001256640 | 2001256640 | 辽宁北方(第一批)/辽宁北方(第一批)/85/ [索取号:J405.1/7] | 在馆 | |
| 3 | 2001256641 | 2001256641 | 辽宁北方(第一批)/辽宁北方(第一批)/85/ [索取号:J405.1/7] | 在馆 | |
| 4 | 2001256642 | 2001256642 | 辽宁北方(第一批)/辽宁北方(第一批)/85/ [索取号:J405.1/7] | 在馆 | |
| 5 | 2001256643 | 2001256643 | 辽宁北方(第一批)/辽宁北方(第一批)/85/ [索取号:J405.1/7] | 在馆 | |
| 6 | 2001256644 | 2001256644 | 辽宁北方(第一批)/辽宁北方(第一批)/85/ [索取号:J405.1/7] | 在馆 |